000
00266nam a2200097Ia 4500
001
789396
005
20250826170418.0
008
250824s9999 xx 000 0 und d
245
0
_a
MUHTEŞEM SÜLEYMAN VE HÜRREM SULTAN
_c
YAVUZ BAHADIROĞLU
260
_b
PANAMA YAYINLARI
999
_c
789396
_d
789396